Методика реконструкции термической истории палеозойско-мезозойских нефтематеринских отложений юго-востока Западной Сибири; Проблемы геологии и освоения недр; Т. 1

Bibliographische Detailangaben
Parent link:Проблемы геологии и освоения недр=Problems of Geology and Subsurface Development: труды XXVIII Международного молодежного научного симпозиума имени академика М.А. Усова, посвященного 125-летию со дня рождения академика Академии наук СССР, профессора К.И. Сатпаева и 130-летию со дня рождения члена-корреспондента Академии наук СССР, профессора Ф.Н. Шахова, 1-5 апреля 2024 г., г. Томск/ Национальный исследовательский Томский политехнический университет, Инженерная школа природных ресурсов ; гл. ред. А. С. Боев ; под ред. Е. Ю. Пасечник.— .— Томск: Изд-во ТПУ, 2024
Т. 1.— 2024.— С. 117-119
1. Verfasser: Крутенко М. Ф. Маргарита Фаритовна
Körperschaft: Национальный исследовательский Томский политехнический университет (570)
Weitere Verfasser: Лобова Г. А. Галина Анатольевна (научный руководитель)
Zusammenfassung:Заглавие с экрана
Текстовый файл
Sprache:Russisch
Veröffentlicht: 2024
Schriftenreihe:Геофизические методы исследования природных и техногенных систем
Schlagworte:
Online-Zugang:http://earchive.tpu.ru/handle/11683/81489
Format: MixedMaterials Elektronisch Buchkapitel
KOHA link:https://koha.lib.tpu.ru/cgi-bin/koha/opac-detail.pl?biblionumber=676625

MARC

LEADER 00000naa2a2200000 4500
001 676625
005 20260126143238.0
090 |a 676625 
100 |a 20241114d2024 k||y0rusy50 ca 
101 0 |a rus 
102 |a RU 
135 |a drcn ---uucaa 
200 1 |a Методика реконструкции термической истории палеозойско-мезозойских нефтематеринских отложений юго-востока Западной Сибири  |f Крутенко Д. С.   |g науч. рук. Г. Лобова ; Национальный исследовательский Томский политехнический университет 
225 1 |a Геофизические методы исследования природных и техногенных систем 
300 |a Заглавие с экрана 
320 |a Литература: 3 назв. 
336 |a Текстовый файл 
461 1 |0 676173  |9 676173  |t Проблемы геологии и освоения недр  |l Problems of Geology and Subsurface Development  |o труды XXVIII Международного молодежного научного симпозиума имени академика М.А. Усова, посвященного 125-летию со дня рождения академика Академии наук СССР, профессора К.И. Сатпаева и 130-летию со дня рождения члена-корреспондента Академии наук СССР, профессора Ф.Н. Шахова, 1-5 апреля 2024 г., г. Томск  |f Национальный исследовательский Томский политехнический университет, Инженерная школа природных ресурсов ; гл. ред. А. С. Боев ; под ред. Е. Ю. Пасечник  |c Томск  |d 2024  |n Изд-во ТПУ 
463 1 |0 676178  |9 676178  |t Т. 1  |d 2024  |v С. 117-119  |u conference_tpu-2024-C11_V1.pdf 
610 1 |a труды учёных ТПУ 
610 1 |a электронный ресурс 
610 1 |a палеотемпературное моделирование 
610 1 |a осадочный чехол 
610 1 |a тепловые потоки 
700 1 |a Крутенко  |b М. Ф.  |c горный инженер  |c Старший преподаватель Томского политехнического университета, кандидат геолого-минералогических наук  |f 1998-  |g Маргарита Фаритовна  |y Томск  |9 22902 
702 1 |a Лобова  |b Г. А.  |c геофизик  |c доцент Томского политехнического университета, кандидат геолого-минералогических наук  |f 1952-  |g Галина Анатольевна  |4 727 
712 0 2 |a Национальный исследовательский Томский политехнический университет  |c (2009- )  |9 26305  |4 570 
801 0 |a RU  |b 63413507  |c 20241114  |g RCR 
850 |a 63413507 
856 4 |u http://earchive.tpu.ru/handle/11683/81489  |z http://earchive.tpu.ru/handle/11683/81489 
942 |c CF